000 01595cam a22004934i 4500
003 PE-LiUPU
005 20250731165354.0
008 150617s r 000 0 d
035 _a(Sirsi) a12869
040 _aPE-LiUPU
_bspa
_cPE-LiUPU
_erda
049 _aPRUA
082 0 4 _a020.8
_bB
_221
100 1 _aLitton, Gaston,
_eautor.
245 1 0 _aJornada de la biblioteca /
_cGaston Litton.
264 1 _aBuenos Aires :
_bBouker Editores Argentina,
_c1971.
300 _a226 páginas :
_bil. ;
_c18 cm
336 _atext
_2rdacontent
337 _aunmediated
_2rdamedia
338 _avolume
_2rdacarrier
490 0 _aBreviarios del bibliotecario
504 _aIncluye bibliografía.
505 0 _aEl edificio -- Mobiliario -- Equipo -- Conservación de la colección -- Control de las adquisiciones -- Preparación de los materiales para el uso -- Ordenación de los materiales -- Préstamos a domicilio -- Archivos y tareas de oficina -- La jornada a otras luces.
526 _aSEG44
526 _aSEG26
526 _aP151
526 _aP150
526 _aP149
526 _aP146
526 _aP145
526 _aP126
526 _aP125
526 _aP92
526 _aP75
526 _aP74
526 _aP27
526 _aP15
650 0 4 _aBibliotecas.
650 0 4 _aBibliotecología.
910 _ajck
942 _2ddc
_cBK
949 _a020.8 B
_wDEWEY
_c1
_i13886
_lCCODEBUL1
_mBUL
_p00.00
_r0
_sY
_tBOOK
_u19750320
_xBIBLIOTECA
_zUNKNOWN
_0COMPRA
_o.STAFF. Colección General
999 _c3174
_d3174
980 _81
_gALBERTO SANCHEZ Responsable de Automatización